[Event "Harrogate 4NCL op-C 29th"]
[Site "Harrogate"]
[Date "2023.01.22"]
[Round "4"]
[White "Goldsmith, Jennifer"]
[Black "Merrifield, Peter"]
[Result "1/2-1/2"]
[WhiteElo "1400"]
[BlackElo "1097"]
[PlyCount "160"]
[EventDate "2023.01.20"]
[EventType "swiss"]
[EventRounds "5"]
[EventCountry "ENG"]
[SourceTitle "CBM 212 Extra"]
[Source "ChessBase"]
[SourceDate "2023.03.31"]
[SourceVersion "1"]
[SourceVersionDate "2023.03.31"]
[SourceQuality "1"]

1. c4 e5 2. Nc3 c6 3. g3 Nf6 4. Bg2 d5 5. cxd5 cxd5 6. e3 Nc6 7. Nge2 b6 8. 0-0 Ba6 9. Qa4 Bb7 10. d3 Be7 11. a3 0-0 12. Qd1 Rb8 13. b4 d4 14. exd4 exd4 15. Ne4 b5 16. Bf4 Rc8 17. Bh3 Ra8 18. Bg2 a6 19. Rc1 Qb6 20. Qb3 Rfe8 21. Rc2 Rac8 22. Rfc1 Na7 23. Qb2 Rxc2 24. Nxf6+ Bxf6 25. Rxc2 Bxg2 26. Kxg2 Qb7+ 27. f3 Qb6 28. Rc7 Nc6 29. Qa2 Rf8 30. Rd7 Ne5 31. Rxd4 Nc6 32. Rd7 Be5 33. Bd2 Qb8 34. Qd5 Qc8 35. Kf2 Bf6 36. Rd6 Ne7 37. Qe4 Re8 38. Qf4 Qf5 39. Qxf5 Nxf5 40. Bf4 Nxd6 41. Bxd6 Rd8 42. Bf4 Rxd3 43. Bc1 Bd4+ 44. Nxd4 Rxd4 45. Ke3 Rc4 46. Bb2 Rc2 47. Bd4 Ra2 48. Bc5 Rxa3+ 49. Kf4 Ra2 50. h4 h6 51. Ke4 Rg2 52. Bd4 f5+ 53. Kxf5 Kf7 54. Ke4 Ke6 55. Bc5 Rxg3 56. Kf4 Rg2 57. Ke4 g5 58. hxg5 Rxg5 59. Be3 Re5+ 60. Kf4 h5 61. Bf2 Rd5 62. Bc5 h4 63. Kg4 Rd3 64. Kxh4 Rxf3 65. Kg4 Rc3 66. Kf4 Rc4+ 67. Ke3 Kd5 68. Kd3 Rxc5 69. bxc5 Kxc5 70. Kc3 a5 71. Kb3 a4+ 72. Ka3 Kc4 73. Ka2 Kb4 74. Kb2 a3+ 75. Ka2 Ka4 76. Ka1 b4 77. Ka2 b3+ 78. Kb1 a2+ 79. Kb2 Kb4 80. Ka1 Ka3 1/2-1/2

[Event "Daventry 4NCL Easter op-C 2nd"]
[Site "Daventry"]
[Date "2022.04.16"]
[Round "3"]
[White "Darbost, Fabien"]
[Black "Goldsmith, Jennifer"]
[Result "1/2-1/2"]
[WhiteElo "1258"]
[BlackElo "1431"]
[PlyCount "141"]
[EventDate "2022.04.15"]
[EventType "swiss"]
[EventRounds "7"]
[EventCountry "ENG"]
[SourceTitle "CBM 207 Extra"]
[Source "ChessBase"]
[SourceDate "2022.05.31"]
[SourceVersion "1"]
[SourceVersionDate "2022.05.31"]
[SourceQuality "1"]

1. e4 c6 2. d4 d5 3. e5 e6 4. Nf3 c5 5. c3 Nc6 6. Be3 Nge7 7. dxc5 Nf5 8. c4 Nxe3 9. fxe3 Bxc5 10. Nc3 d4 11. exd4 Nxd4 12. Be2 Qb6 13. Na4 Nxf3+ 14. Bxf3 Qb4+ 15. Kf1 Qxc4+ 16. Be2 Qf4+ 17. Bf3 Qxe5 18. Nxc5 Qxc5 19. Qb3 Rb8 20. Ke2 0-0 21. Rac1 Qe5+ 22. Kf2 b6 23. Rhe1 Qd4+ 24. Kf1 Ba6+ 25. Be2 Bxe2+ 26. Kxe2 Rfd8 27. Red1 Qe4+ 28. Qe3 Qxg2+ 29. Qf2 Qxf2+ 30. Kxf2 Kf8 31. Rxd8+ Rxd8 32. Ke3 Ke8 33. Rc7 Rd7 34. Rc8+ Ke7 35. Rh8 h6 36. Rc8 Kf6 37. Rc4 g5 38. a4 a5 39. h3 Rd6 40. b3 Kg6 41. Ke4 f5+ 42. Ke3 e5 43. Ke2 Kh5 44. Rc3 Kh4 45. Kf2 e4 46. Kg2 Rd2+ 47. Kg1 f4 48. Rc6 Rd1+ 49. Kg2 f3+ 50. Kh2 Rd2+ 51. Kg1 f2+ 52. Kg2 h5 53. Rc4 Re2 54. Kf1 Rb2 55. Kg2 Rxb3 56. Rxe4+ g4 57. hxg4 hxg4 58. Kxf2 Rb4 59. Re6 Rxa4 60. Rxb6 Rf4+ 61. Kg2 a4 62. Ra6 Rc4 63. Kh2 Rc2+ 64. Kg1 Ra2 65. Rf6 Kg3 66. Kf1 a3 67. Rb6 Rb2 68. Ra6 a2 69. Ra3+ Kh4 70. Kg1 a1Q+ 71. Rxa1 1/2-1/2

[Event "Harrogate 4NCL op-C 27th"]
[Site "Harrogate"]
[Date "2022.01.21"]
[Round "1"]
[White "Llewellyn, Alan Mansel"]
[Black "Goldsmith, Jennifer"]
[Result "1-0"]
[WhiteElo "1629"]
[BlackElo "1428"]
[PlyCount "63"]
[EventDate "2022.01.21"]
[EventType "swiss"]
[EventRounds "5"]
[EventCountry "ENG"]
[SourceTitle "CBM 206 Extra"]
[Source "ChessBase"]
[SourceDate "2022.03.31"]
[SourceVersion "1"]
[SourceVersionDate "2022.03.31"]
[SourceQuality "1"]

1. c4 c6 2. Nc3 d5 3. e3 a6 4. d4 Bf5 5. b3 Nf6 6. Nf3 e6 7. Ne5 Nbd7 8. g4 Be4 9. f3 Bg6 10. h4 Nxe5 11. dxe5 Nd7 12. h5 Nxe5 13. hxg6 Nxg6 14. Bd3 Ne5 15. Rxh7 Rxh7 16. Bxh7 Qh4+ 17. Ke2 Qxh7 18. Bb2 Qh2+ 19. Kf1 Qxb2 20. Na4 Qa3 21. Qd4 Qd6 22. c5 Qc7 23. Kg2 Be7 24. f4 Nd7 25. Qxg7 Bf6 26. Qg8+ Nf8 27. Rh1 Rb8 28. g5 Be7 29. Rh7 Bd8 30. g6 Bf6 31. Rxf7 Qa5 32. Qxf8# 1-0